Rethinking Marketing: Towards Critical Marketing Accountings (Record no. 2645)

MARC details
005 - DATE AND TIME OF LATEST TRANSACTION
control field 20250526073037.0
020 ## - INTERNATIONAL STANDARD BOOK NUMBER
International Standard Book Number 0-8039-7490-6
082 ## - DEWEY DECIMAL CLASSIFICATION NUMBER
Classification number 658. 8 BRO
245 ## - TITLE STATEMENT
Title Rethinking Marketing: Towards Critical Marketing Accountings
260 ## - PUBLICATION, DISTRIBUTION, ETC.
Place of publication, distribution, etc. London,
Name of publisher, distributor, etc. Sage Publications
Date of publication, distribution, etc. 1999.
300 ## - PHYSICAL DESCRIPTION
Extent xii, 273p.: ill.; picture, table.
Other physical details Index, references.
Dimensions 24cm.
700 ## - ADDED ENTRY--PERSONAL NAME
Other authors/Editors BROWNLIE, D, SAREN, M, WENSLEY, R. & WHITTINGTON, R.
942 ## - ADDED ENTRY ELEMENTS (KOHA)
Source of classification or shelving scheme Dewey Decimal Classification
Koha item type Books
Holdings
Date last seen Total checkouts Full call number Barcode Cost, replacement price Price effective from Koha item type Lost status Source of classification or shelving scheme Damaged status Not for loan Withdrawn status Home library Current library Shelving location Date acquired Cost, normal purchase price
07/01/2025   658.8NEE DOM0004599 84000.00 07/01/2025 Books   Dewey Decimal Classification       CBE Dodoma CBE Dodoma General Collection 07/01/2005 28000.00
05/26/2025   658. 8 BRO 0000009838 84000.00 05/26/2025 Books   Dewey Decimal Classification       College of Business Education Main Library College of Business Education Main Library General Collection 04/11/2005 28000.00